000 00823cam a22002651 4500
001 23585
003 BD-RjUL
005 20211209000940.0
008 140311s1951 nyuacj 001 0ceng d
035 _a(BD-RjUL) 23650
035 _a(OCoLC)594282
040 _aDLC
_cOU
_dOCoLC
_dDLC
_dBD-RjUL
_beng
041 _aeng
082 _a927.92
_bBAW 1951
100 1 _aBarrymore, Lionel,
_d1878-1954.
_972600
245 1 0 _aWe Barrymores /
_cby Lionel Barrymore, as told to Cameron Shipp.
260 _aNew York :
_bAppleton-Century-Crofts,
_c1951
300 _aviii, 311 p. :
_billus., ports., geneal. table (on lining papers),
_c21 cm.
504 _aIncludes Index
650 0 _aActors
_vCorrespondence
_972601
700 1 _aShipp, Cameron.
_972602
942 _2ddc
_cBK
999 _c23585
_d23585